Регионална библиотека "Любен Каравелов" - Русе

Клинична педиатрия (Запис номер 61644)

MARC детайли
000 -Лидер
Контролно поле с фиксирана дължина nam a22 a 4500
003 - Код на организацията, давaща контролен номер
Контролно поле BLK
005 - Дата и час на последна редакция
Контролно поле 20230202163617.0
008 - Елементи от данни с фиксирана дължина
fixed length control field 180408b bul|||||r ||||||| ||bul||
010 ## - Наследен системен номер
LC control number KNG00065848000
040 ## - Източник на каталожния запис
Идентификатор на билиотеката - собственик на записа BLK
041 ## - Код за език
Код за езика на текст/звукозапис или на отделно заглавие Български
Код за езика КДБФ Български
080 ## - УДК
Текстов определител УДК Педиатрия. Детски болести. Вж и 613.22 ; 613.95
УДК код - определител по УДК 616-053.2
УДК определител (035)
УДК - код + определител 616-053.2(035)
100 1# - Редна дума - Автор
Автор Ангелов, Ангел Георгиев
Авторска отговорност първи автор
R(LIN) 364901
139 ## - Редно поле
Редна дума Клинична педиатрия
Авторски знак Клин - К 65
245 10 - Сведения за заглавието
Заглавие Клинична педиатрия
Подзаглавни данни Т. 1 -
Редно поле (дума) Ангел Георгиев Ангелов; ред. Братан Цочев Братанов.
Том Т. 2
250 ## - Област на изданието
Сведения за изданието 2. прераб. и доп. изд
257 ## - Страна на издаване
Страна на създаване/издаване България
260 ## - Област на издателските данни
Място на издаване, разпространение и проч. София
Име на издателя, разпространителя и проч. Медицина и физкултура
Година на издаване 1978
Печатница За том: Пловдив : Д. Благоев
300 ## - Физическа характеристика
Размери/Мащаб 24 см
380 ## - Жанр
Жанр Медицина
500 ## - Общи забележки
Забележка 1. изд. 1973
504 ## - Забележка за наличие на библиография и др
Забележка за наличие на библиография и под. 539-544
650 #4 - Допълнително описание по предмет – тема
Основно описание – тема или топоним Педиатрия
9 (RLIN) 165998
700 1# - Други автори (авторска отговорност)
Лично име Братанов, Братан Цочев
9 (RLIN) 369453
760 1# - Описание на основната серия
Редна дума на основното описание Ангелов, Ангел Георгиев
Издание 2. прераб. и доп. изд
Място на издаване, издател и година 1978
Страници - том 548 с.
Забележка - том Библиогр. с. 539-544
Заглавие Т. 2
852 ## - Местоположение
Форматна сигнатура Цб 93802
856 4# - Електронен адрес и достъп
Електронен формат pdf - файл
Инструкция (цена за достъп) 0.00
Права за достъп disable
856 4# - Електронен адрес и достъп
Електронен формат pdf - файл
Инструкция (цена за достъп) 0.00
Права за достъп disable
999 ## - СИСТЕМНИ КОНТРОЛНИ НОМЕРА
Koha biblionumber 61644
Koha biblioitemnumber 61644
942 ## - АРТИКУЛИ
Вид на библиотечния материал Книги
Скрит в OPAC Не
Периодичен библиозапис Да
Koha issues (borrowed), all copies 1
944 ## - СЪЗДАВАНЕ И РЕДАКЦИЯ на ЗАПИСА
Създаване/Редакция Създаване
Дата на регистрацията/редакция 13.06.2004
Служител, извършил регистрацията/редакцията Геновева_Генчева
944 ## - СЪЗДАВАНЕ И РЕДАКЦИЯ на ЗАПИСА
Създаване/Редакция Редакция
Дата на регистрацията/редакция 2022-11-11
Служител, извършил регистрацията/редакцията ир
999 ## - СИСТЕМНИ КОНТРОЛНИ НОМЕРА
Koha biblioitemnumber 61644
Наличности
Код за отписване Код за изгубен артикул Източник на класификационната схема Код за повреда Коз за рестрикции Код за отдаване Артикулен № Име на библиотеката - собственик Име на библиотеката, в която се намира в момента Статус (Текущо местоположение) Дата на вписване в системата Местоположение - отдел Цена в лева Инвентарен номер Систематично азбучна сигнатура Баркод Номер на екземпляра Цена в евро Служебна бележка Служебен тип на артикула
Изтеглен Не е изгубен Universal Decimal Classification Не е повреден без рестрикции ползва се в читалня 102382 Регионална библиотека "Любен Каравелов" Русе Регионална библиотека "Любен Каравелов" Русе Читалня 1978-01-01 Читалня 4.04 267614 Ч 616-053.2/К 65 267614 1 2.07 Дост: Pk Вид: Ф N: стар фонд Дата: 01.01.1978 Дата инв: 20.03.2017 Бележки инв: Ч2017 Книги
Изтеглен Не е изгубен Universal Decimal Classification Не е повреден без рестрикции заемане за дома 102383 Регионална библиотека "Любен Каравелов" Русе Регионална библиотека "Любен Каравелов" Русе Заемна - подръчен фонд 1978-01-01 Заемна - подръчен фонд 4.04 267611 П 616-053.2/К 65 267611 2 2.07 Дост: Pk Вид: Ф N: стар фонд Дата: 01.01.1978 Книги
  Не е изгубен Universal Decimal Classification Не е повреден само за читалня ползва се в читалня 102384 Регионална библиотека "Любен Каравелов" Русе Регионална библиотека "Любен Каравелов" Русе Хранилище 1978-01-01 Хранилище 4.04 263725 Цб 93802 120000263725 3 2.07 Дост: Dp Вид: Д N: стар фонд Дата: 01.01.1978 Книги
Vip Innovations Ltd, Rousse, Bulgaria 2025